Normal view
MARC view
- Balanis ,Constantine A
Entry Personal Name
001 - CONTROL NUMBER
- control field: 18297
003 - CONTROL NUMBER IDENTIFIER
- control field: NUST
005 - DATE AND TIME OF LATEST TRANSACTION
- control field: 20190723052023.0
008 - FIXED-LENGTH DATA ELEMENTS
- fixed length control field: 190723|| aca||aabn | a|a d
040 ## - CATALOGING SOURCE
- Original cataloging agency: NUST
- Transcribing agency: NUST
100 ## - HEADING--PERSONAL NAME
- Personal name: Balanis ,Constantine A
670 ## - SOURCE DATA FOUND
- Source citation: Work cat.: (NUST): Balanis ,Constantine A, ANTENNA THEORY ANALYSIS AND DESIGN \, 2017.
